Normal view
MARC view
- Engineering Managment - MS Thesis
Entry Topical Term
001 - CONTROL NUMBER
- control field: 16311
003 - CONTROL NUMBER IDENTIFIER
- control field: NUST
005 - DATE AND TIME OF LATEST TRANSACTION
- control field: 20190702063801.0
008 - FIXED-LENGTH DATA ELEMENTS
- fixed length control field: 190702|| aca||aabn | a|a d
040 ## - CATALOGING SOURCE
- Original cataloging agency: NUST
- Transcribing agency: NUST
150 ## - HEADING--TOPICAL TERM
- Topical term or geographic name entry element: Engineering Managment - MS Thesis
670 ## - SOURCE DATA FOUND
- Source citation: Work cat.: (NUST): Hassan, Rameez 16310, Electrical Energy Auditing & Managment; A Case study of NUST College of Electrical $ Mechanical Engineering /, 2017.
